| 000 | 00499cam a2200169 4500 | ||
|---|---|---|---|
| 005 | 20250707090746.0 | ||
| 008 | 250707b ag |||||||| |||| 00| 0 spa d | ||
| 020 | _a9502010124 | ||
| 050 | 0 | 4 |
_aKHA2501 _bF37 1997 |
| 100 | 1 | _aFarina, Juan M. | |
| 245 | 1 | 0 |
_aJusticia _b : ficción y realidad _c / Juan M. Farina |
| 250 | _a1a ed. | ||
| 260 |
_aBuenos Aires : _bAbeledo-Perrot, _c1997 |
||
| 300 |
_a351 p. ; _c23 cm. |
||
| 650 | 7 |
_2lemb _aAdministarción de justicia _xArgentina |
|
| 942 |
_2lcc _cLIB |
||
| 999 |
_c133763 _d133763 |
||